000 00335nam a22001337a 4500
008 260316b ||||| |||| 00| 0 eng d
020 _a9780072397246
041 _aeng
080 _a658.8
100 _a22
101 _aekon
245 _aInternet Business Models and Strategies
_cAllan Afuah , Christopher l Tucci
942 _2udc
_cBK
999 _c60900
_d60900